Không diệt không sinh đừng sợ hãi = No death, no fear : comforting wisdom for life

Quyển sách này trình bày giáo lý sâu sắc của Thiền sư Thích Nhất Hạnh về bản chất của sinh và diệt, giúp người đọc vượt qua nỗi sợ hãi về cái chết. Thầy giải thích rằng mọi hiện tượng chỉ chuyển hóa chứ không mất đi, giống như đá...

全面介紹

Đã lưu trong:
書目詳細資料
主要作者: Thích Nhất Hạnh
其他作者: Chân Huyền (Dịch)
格式: 圖書
語言:Vietnamese
出版: H. Hội nhà văn 2020
版:Tái bản lần thứ 2
主題:
標簽: 添加標簽
沒有標簽, 成為第一個標記此記錄!
Thư viện lưu trữ: Thư viện Trường Đại học Nam Cần Thơ
LEADER 01603nam a22002177a 4500
001 NCT_4_029413
008 251201b xxu||||| |||| 00| 0 vie d
999 |c 9476  |d 9476 
020 |a 9786049911767  |c 90000 
082 |2 23rd ed.  |a 294.3  |b H233 
100 1 |a Thích Nhất Hạnh 
245 1 0 |a Không diệt không sinh đừng sợ hãi =   |b No death, no fear : comforting wisdom for life  |c Thích Nhất Hạnh ; Chân Huyền (dịch) 
250 |a Tái bản lần thứ 2 
260 |a H.  |b Hội nhà văn  |c 2020 
300 |a 222 tr.  |b Minh hoạ  |c 21 cm 
520 3 |a Quyển sách này trình bày giáo lý sâu sắc của Thiền sư Thích Nhất Hạnh về bản chất của sinh và diệt, giúp người đọc vượt qua nỗi sợ hãi về cái chết. Thầy giải thích rằng mọi hiện tượng chỉ chuyển hóa chứ không mất đi, giống như đám mây trở thành mưa. Với giọng văn nhẹ nhàng và đầy an ủi, sách hướng dẫn cách sống trọn vẹn trong từng khoảnh khắc. Đây là tác phẩm mang lại sự bình an lớn cho những ai đang đối diện biến cố, mất mát hoặc khổ đau. 
653 |a Tham khảo 
700 0 |a Chân Huyền  |e Dịch 
942 |2 ddc  |c BK 
952 |0 0  |1 0  |2 ddc  |4 0  |6 294_300000000000000_H233  |7 0  |9 31628  |a 000001  |b 000001  |d 2025-12-01  |o 294.3 H233  |p TK.05846  |r 2025-12-01  |v 90000.00  |w 2025-12-01  |y BK 
980 |a Thư viện Trường Đại học Nam Cần Thơ